Macroeconomía internacional

שמור ב:
מידע ביבליוגרפי
Main Authors: Feenstra, Robert C (Author), Taylor, Alan M (Author)
פורמט: ספר
שפה:ספרדית
יצא לאור: Barcelona Reverté 2012
מהדורה:2a. ed
נושאים:
תגים: הוספת תג
אין תגיות, היה/י הראשונ/ה לתייג את הרשומה!

MARC

LEADER 00000cam a2200000 a 4500
001 UCD9019
003 CL-VaPUC
008 170602e20120000sp |||||||||||||||||spa|d
020 |a 9788429126495 
082 0 4 |a 382.1  |b FEE  |2 21 
100 |a Feenstra, Robert C  |e author  |9 592682 
700 0 |a Taylor, Alan M  |e author  |9 592686 
245 1 0 |a Macroeconomía internacional 
250 |a 2a. ed 
300 |a 508 p 
942 |c BK 
945 |d 20170602 23:29:00  |a dcastane 
260 |a Barcelona  |b Reverté  |c 2012 
650 7 |a COMERCIO INTERNACIONAL  |2 CL-VaPUC  |9 592687 
650 0 |a Políticas económicas  |9 353940 
583 |a last modification  |c 20170602 23:29:00  |k Rodrigo Vera 
999 |c 368324  |d 368322